Modern Family Season One Quiz "EXTREMELY HARD" - Statistics

General Stats
  • This quiz has been taken 1,981 times
  • The average score is 4 of 24
Answer Stats
Season One Answer % Correct
S1E5 Who does Luke get in to a fight with? Manny
65%
S1E1 What is the first word said in the episode? "Kids"
61%
S1E15 What is the name of Phil's valentines alter ego? Clive Bixby
49%
S1E9 What is Phil's "only" fear? Clowns
46%
S1E7 What sport does Manny take up? Fencing
39%
S1E4 What is the name of Dylan's song written for Haley? In The Moonlight
32%
S1E14 What sport does Cam challenge Jay to? Racquet ball
19%
S1E10 Who does "Santa" punch from the green sleevers? Andrew
16%
S1E11 Who does Gloria get Jay to bond with? Javier
16%
S1E23 How old was jays dad when he died? 63
14%
S1E19 What does Jay buy Phil for his birthday? Chess set
7%
S1E2 Who locks them self out of their own house? Desiree
7%
S1E3 What game does Manny take to play with Luke? Empire
7%
S1E17 What is the name of Manny's turtle? Shel turtlestein
7%
S1E16 What does Luke think talking black is? Words ending with izzle
5%
S1E24 Witch recent retired player features in episode 24? Kobe Bryant
4%
S1E13 What does Claire break of Phil's? Remote
4%
S1E20 What does Jay say he will throw at the basketball coaches head? A Shoe
2%
S1E12 Cam says the gardener could of lost his brother in a .....? Cable Car Accident
2%
S1E21 What is Frank's Dogs Name? Scout
2%
S1E8 What movie does Jay rent? The Gun Fighter
2%
S1E6 What is the name of the asian doctor? Doctor Miura
1%
S1E18 Who does Luke think looks like Mitchell? Vincent van Gough
1%
S1E22 Many Delgado get gets called to what gate? Gate 22A
0%
No matching quizzes found
Score Distribution
Percent of People with Each Score
Percentile by Number Answered
Your Score History
You have not taken this quiz